000 00402cam a2200169ua 4500
020 _c1.50
041 _amal
_h
082 _a894.8124
_bGOV/AR
100 _aGovindan, M .
245 _aArivinte palangal /
_cM Govindan.
_hTextual Documents
260 _aKottayam :
_bNational Book Stall ,
_c1960.
300 _a124 ; .
365 _a1.50
504 _a
942 _cBK
999 _c4546
_d4546